Statistics for Name a Valid Letter

Click here to take the quiz!

General Stats

  • This quiz has been taken 3,882 times
  • The average score is 9 of 10

Answer Stats

Name any letter...Letter% Correct
that is a vowel (not including Y)A, E, I, O, U
100%
where no U.S. State starts with itB, E, J, Q, X, Y, Z
99%
which borders "B" on a QWERTY keyboardG, H, N, V
98%
worth 5 or more points in ScrabbleK, J, Q, X, Z
98%
not in any of the "stan" countriesC, D, L, O, Q, V, W, X
96%
that Benjamin Franklin wanted to remove from the AlphabetC, J, Q, W, X, Y
95%
where no JetPunk country starts with itW, X
92%
which can have an umlaut in GermanA, O, U
87%
whose alphabetical position is between 14 and 18N, O, P, Q, R
84%
used in Roman NumeralsI, V, X, L, C, D, M
84%

Score Distribution

Percentile by Number Answered

Percent of People with Each Score

Your Score History

You have not taken this quiz